Henry VIII - Statistics

General Stats
  • This quiz has been taken 301 times
  • The average score is 11 of 12
Answer Stats
Hint Answer % Correct
Who was his second wife? Anne Boleyn
100%
Who was his fourth wife? Anne of Cleves
99%
Who was his first wife? Catherine of Aragon
99%
Who was his second daughter? Elizabeth I
98%
Who was his first daughter? Mary I
97%
Who was his father? Henry Tudor | Henry VII
95%
Who was his son? Edward VI
94%
Who was his sixth and final wife? Catherine Parr
92%
Who was his third wife? Jane Seymour
92%
Who was his fifth wife? Katherine Howard
86%
What was his church called? The Church of England
80%
What did he only eat? Meat
70%
No matching quizzes found
Score Distribution
Percent of People with Each Score
Percentile by Number Answered
Your Score History
You have not taken this quiz